| 000 | 01116cab a2200205 4500 | ||
|---|---|---|---|
| 001 | ##L132629 | ||
| 008 | 060223n2006 000 0 eng u | ||
| 035 | _a(Sirsi) u132629 | ||
| 041 | 0 | _aeng | |
| 100 | 1 | _aGeorge, Mike | |
| 245 | 0 | 0 | _aAdding insulation to solid floors actually increases emissions and costs |
| 260 | _c2006 | ||
| 490 | 0 |
_aArchitects' Journal _v223(5) 9 February 2006, 38-39(2) |
|
| 520 | _aRecent tests have shown that solid-floor insulation increases emissions and fuel costs, because the ability of the ground to act as a heat store is compromised if the thickness of insulation becomes too great. Cavity-wall and loft insulation also become less effective once insulation exceeds a certain thickness. Other methods of reducing emissions and fuel costs, such as improved boiler efficiency, passive solar techniques, and air infiltration, are likely to be more effective in new housing. Tables and bar charts. | ||
| 590 | _aIKA280206 | ||
| 690 | _aENVIRONMENTAL AND LAND CONSULTANCY-ENERGY-ENERGY USE-ENERGY EFFICIENCY | ||
| 700 | 1 | _aGough, Tim | |
| 700 | 1 | _aGeens, Andrew | |
| 942 | _n0 | ||
| 999 |
_c76534 _d76534 |
||